000 00984cam a2200217 4500
001 ABS66532
008 030401n2003 000 0 eng u
035 _a(Sirsi) u121852
100 _aJansen, M.
245 _aKeeping under cover
260 _c2003
490 _aProperty Week
_v68(7) 21 February 2003, 34(1)
520 _aProfessional indemnity insurance premiums for chartered surveyors have increased by up to 300%. Looks at procedures which surveying firms are putting into practice to minimise risk. Huge insurance claims resulting from natural disasters and terrorism, the lack of competition between professional indemnity insurance providers following the collapse of Independent and HIH and stock market collapses are key factors which have influenced the rise in premiums.
590 _aABS
650 _aPROFESSIONAL INDEMNITY INSURANCE
650 _aPREMIUMS
650 _aRISK
650 _aPRACTICE MANAGEMENT
690 _aInsurance
_96249
942 _n0
999 _c72410
_d72410